• 首页
  • 本馆介绍
  • 公告通知
  • 最新文献
  • 馆藏检索
  • 电子资源
  • 读者导购
  • 参考咨询
  • 我的图书馆
  • 登录
  • 详细信息显示
  • 放入我的书架
  • 预约/预借图书
  • 作者相关作品
  • 分类相关作品
  • 丛书相关作品
  • 出版社相关作品

书目信息

  • 表格格式
  • 工作单格式
  • 卡片格式
题名:
煤矿机电基本知识
    
 
作者: ;山东矿业学院机电系 编
分册:  
出版信息: 北京   煤炭工业出版社  1975
页数: 216页
开本: 19cm
丛书名:
单 册:
中图分类: TD42
科图分类:
主题词: 矿山机械--掘进机械
电子资源:
ISBN:
000 00676nam0 2200217 45
001 0175003757
005 20060519092512.79
010    @dCNY0.48
100    @a19951011d1975 em y0chiy0121 ea
101 0  @achi
102    @aCN@b110000
105    @ay z 000yy
200 10 @a煤矿机电基本知识@Amei kuang ji dian ji ben zhi shi@f山东矿业学院机电系编@Fshan dong kuang ye xue yuan ji dian xi bian
210    @a北京@c煤炭工业出版社@d1975
215    @a216页@d19cm
606    @a矿山机械@x掘进机械
690    @aTD42@v3
711 02 @a山东矿业学院机电系@Ashan dong kuang ye xue yuan ji dian xi@4编
801  0 @aCN@bTSSF@c20060519
801  2 @aCN@bNLC@c20060508
905    @a10447@dTD42@e1
    
    煤矿机电基本知识/山东矿业学院机电系编.-北京:煤炭工业出版社,1975
    216页;19cm
    
    
    ISBN :CNY0.48
    
●
相关链接 在E读中查询图书 在五车中查询图书 在当当中查询图书 在豆瓣中查询图书


正题名:煤矿机电基本知识     索取号:TD42/1         预约/预借

序号 登录号 条形码 馆藏地/架位号 状态 备注
1 0010101   202361194   密集书库/ [索取号:TD42/1] 在馆    
2 0010102   202314922   密集书库/ [索取号:TD42/1] 在馆    
3 0010103   202314931   密集书库/ [索取号:TD42/1] 在馆    
唐山师范学院图书馆 欢迎您!
大连网信软件有限公司© 版权所有